00717cam a22002057a 4500003000500000005001700005008004100022010001000063011001000073035001000083040000900093100003400102245015100136260004000287300001100327502006900338650002700407650004400434650003300478CHAP20220329135942.0971013s1995 r 00010 d a44590 a45562 a49701 cCHAP00aPineda Leal, Samuel Emiliano. 0aImpacto-socio-económico y política del programa nacional mujeres en solidaridad en la Sierra Norte del estado de Veracruz, período 1989-1994 aChapingo, Méx. :bEl autor,c1995 a156 h. aTesis (Ing. Agr. Esp. en Suelos) -- UACH. Departamento de Suelos14aCampesinadoxVeracruz.14aMujer en comunidades ruralesxVeracruz.14aMujerxActividad política.